书目信息 |
| 题名: |
中国茶使用手册
|
|
| 作者: | 王玲 , 于雅婷 主编 | |
| 分册: | ||
| 出版信息: | 南京 江苏凤凰科学技术出版社 2015 |
|
| 页数: | 207页 | |
| 开本: | 24cm | |
| 丛书名: | ||
| 单 册: | ||
| 中图分类: | TS272.5 | |
| 科图分类: | ||
| 主题词: | 茶叶--中国--手册 | |
| 电子资源: | ||
| ISBN: | 978-7-5537-4270-0 | |
| 000 | 00981nam0 2200241 450 | |
| 001 | 012015000054 | |
| 005 | 20151130142645.45 | |
| 010 | @a978-7-5537-4270-0@dCNY39.80 | |
| 100 | @a20150920d2015 em y0chiy50 ea | |
| 101 | 0 | @achi |
| 102 | @aCN@b320000 | |
| 105 | @aa z 000yy | |
| 106 | @ar | |
| 200 | 1 | @a中国茶使用手册@Azhong guo cha shi yong shou ce@f王玲,于雅婷主编 |
| 210 | @a南京@c江苏凤凰科学技术出版社@d2015 | |
| 215 | @a207页@c彩图@d24cm | |
| 330 | @a本书涵盖了中国茶的所有门类,将茶分为绿茶、红茶、黑茶、黄茶、白茶、乌龙茶、花茶、紧压茶、花草养生茶9类,其中将花茶、紧压茶合为一章,即将全书分为8章。每章对茶的性状、功效、挑选储藏、制作工序、茶疗养生、妙用保健、茶点茶膳、鉴茶、泡茶、品茶等用文字辅以图解的方式做了介绍,让您了解茶及与茶有关的文化。 | |
| 606 | 0 | @a茶叶@y中国@j手册 |
| 690 | @aTS272.5@v5 | |
| 701 | 0 | @a王玲@Awang ling@c(女)@4主编 |
| 701 | 0 | @a于雅婷@Ayu ya ting@c(女)@4主编 |
| 801 | 0 | @aCN@b碧洲教育@c20151127 |
| 905 | @a10447@f4@dTS272.5@e190 | |
| 中国茶使用手册/王玲,于雅婷主编.-南京:江苏凤凰科学技术出版社,2015 |
| 207页:彩图;24cm |
| ISBN 978-7-5537-4270-0:CNY39.80 |
| 本书涵盖了中国茶的所有门类,将茶分为绿茶、红茶、黑茶、黄茶、白茶、乌龙茶、花茶、紧压茶、花草养生茶9类,其中将花茶、紧压茶合为一章,即将全书分为8章。每章对茶的性状、功效、挑选储藏、制作工序、茶疗养生、妙用保健、茶点茶膳、鉴茶、泡茶、品茶等用文字辅以图解的方式做了介绍,让您了解茶及与茶有关的文化。 |
| ● |
| 相关链接 |
|
|
|
|
正题名:中国茶使用手册
索取号:TS272.5/190
 
预约/预借
| 序号 | 登录号 | 条形码 | 馆藏地/架位号 | 状态 | 备注 |
| 1 | 0871626 | 208716264 | 第二样本阅览室/ [索取号:TS272.5/190] | 在馆 | |
| 2 | 0871627 | 208716273 | 第三借阅区/ [索取号:TS272.5/190] | 在馆 | |
| 3 | 0871628 | 208716282 | 第三借阅区/ [索取号:TS272.5/190] | 在馆 | |
| 4 | 0871629 | 208716291 | 第三借阅区/ [索取号:TS272.5/190] | 在馆 |